Mein hans nahin padata(में हंस नहीं पढ़ता) (Record no. 114103)

MARC details
000 -LEADER
fixed length control field 00426 a2200145 4500
005 - DATE AND TIME OF LATEST TRANSACTION
control field 20260417115744.0
008 - FIXED-LENGTH DATA ELEMENTS--GENERAL INFORMATION
fixed length control field 260220b |||||||| |||| 00| 0 eng d
080 ## - UNIVERSAL DECIMAL CLASSIFICATION NUMBER
Universal Decimal Classification number FH
Item number YAD/M
100 ## - MAIN ENTRY--PERSONAL NAME
Personal name Yadav, Rajendra
245 ## - TITLE STATEMENT
Title Mein hans nahin padata(में हंस नहीं पढ़ता)
260 ## - PUBLICATION, DISTRIBUTION, ETC. (IMPRINT)
Name of publisher, distributor, etc Vani Prakashan.
Place of publication, distribution, etc New Delhi.
Date of publication, distribution, etc 2005.
300 ## - PHYSICAL DESCRIPTION
Extent 164p.
653 ## - INDEX TERM--UNCONTROLLED
Uncontrolled term Fiction-Novel-Hindi Literature
942 ## - ADDED ENTRY ELEMENTS (KOHA)
item type Under processing
Holdings
Lost status Source of classification or shelving scheme Not for loan Home library Current library Shelving location Date acquired Cost, normal purchase price Total Checkouts Full call number Barcode Date last seen Cost, replacement price Price effective from Koha item type
  Universal Decimal Classification Not For Loan University Library University Library On Display 13/01/2025 39.00   FH YAD/M 00096432 13/01/2025 60.00 13/01/2025 Books
University Library, CUSAT